000 00607nam a2200169Ia 4500
005 20250923145019.0
008 008 250917s9999 xx 000 0 eng d
037 _aTextual
040 _aDSWL
_beng
_cDSWL
041 _aeng
_2eng
084 _aY12-5927(T).251'N64t4, N65
_qDSWL
100 _aYadav, P.S.
_9830862
245 2 _aA study of Harijans with special REF to their children's education in village Karala Delhi state
_cby P.S. Yadav
260 _aDelhi
_b School of Social Work
_c1965
942 _cTEXL
_hY12-5927(T).251'N64t4, N65
999 _c1446051
_d1446051